عرض عادي
عرض مارك
- Cross, Alan.
مدخل إسم شخص
001 - رقم الضبط
- حقل الضبط: 4187
003 - معرف رقم الضبط
- حقل الضبط: OSt
005 - تاريخ ووقت أخر عملية
- حقل الضبط: 20110910102542.0
008 - عناصر بيانات ثابتة الطول
- حقل تحكم ثابت الطول: 110910|||a|||||| | ||| d
040 ## - مصدر الفهرسة
- هيئة الفهرسة الأصلية: OSt
- وكالة الكتابة: OSt
100 ## - مدخل -- أسم شخص
- إسم شخص: Cross, Alan.
670 ## - بيانات المصدر موجوده
- الاستشهاد بالمصدر: Work cat.: (OSt)14848: Cross, Alan., Essential primary science /, 2009.
